UEFA Champions League A-Z - Statistics

General Stats
  • This quiz has been taken 27 times
  • The average score is 13 of 26
Answer Stats
AZ Question Answer % Correct
B Which team is the only one to have won all of its matches on the way to winning the Champions League title? Bayern Munich
96%
C Which team has won the Champions League final at their opponent's home stadium? FC Chelsea
92%
A Which manager has won the most Champions League titles (5) ? Carlo Ancelotti
88%
R Who is the all-time leading goalscorer in the Champions League History? Cristiano Ronaldo
77%
L Which team won a Champions League final after trailing 0–3? Liverpool FC
73%
X Which player won four Champions League titles with Barcelona and played his final match in a Champions League final? Xavi
69%
Y Who is the youngest player ever to start a Champions League knockout match (16) ? Lamine Yamal
65%
N Which goalkeeper has won the most Champions League matches? Manuel Neuer
65%
Z Which manager has won the Champions League three consecutive times? Zinedine Zidane
65%
M Which player scored the most goals for a single team in the Champions League history? Lionel Messi
62%
W Which stadium has hosted the most Champions League finals (5) ? Wembley
62%
Q Which is the only team from Azerbaijan to have qualified for the Champions League? Qarabag
58%
U Which country does the top scorer of the 2005/06 Champions League come from? Ukraine
50%
I Which player has played for seven different clubs in the Champions League? Zlatan Ibrahimovic
42%
H Who is the youngest player to finish as top scorer in the Champions League (20) ? Erling Haaland
38%
G Who has provided the most assists in Champions League history? Ryan Giggs
38%
D ho is the only player to have scored two goals and provided an assist in a Champions League final? Desire Doue
35%
T Which manager is the only one to have reached two consecutive Champions League finals? Thomas Tuchel
35%
P Who is the oldest outfield player to play in the Champions League (41) ? Pepe
31%
F Who is the youngest player to score a goal in Champions League history (16) ? Ansu Fati
23%
S Who is the only player to have won the Champions League with three different clubs? Clarence Seedorf
23%
V Which Spanish team has lost two consecutive Champions League finals? Valencia CF
23%
E Which player has lost the most Champions League finals (4) ? Patrice Evra
19%
O Which Greek team has qualified for the Champions League 21 times, placing it among the top 10 most frequent participants? Olympiacos Piräus
8%
K Who is the youngest player to score in a Champions League final (18) ? Patrick Kluivert
8%
J Which team won the first penalty shootout in Champions League history? Juventus Turin
4%
No matching quizzes found
Score Distribution
Percent of People with Each Score
Percentile by Number Answered
Your Score History
You have not taken this quiz